[Event "RUS-ch Rapid Men 2018"]
[Site "Sochi"]
[Date "2018.10.06"]
[Round "10"]
[White "Kirillov, Dmitry"]
[Black "Pogromsky, Mikhail"]
[Result "1/2-1/2"]
[WhiteElo "2267"]
[BlackElo "2415"]
[Annotator "TA"]
[PlyCount "206"]
[EventDate "2018.10.05"]
[EventType "swiss"]
[EventCountry "RUS"]
[SourceTitle "playchess.com"]
[Source "ChessBase"]
[SourceQuality "1"]

{[%evp 28,206,64,53,125,16,18,26,37,50,46,40,49,42,47,4,41,42,28,0,7,0,0,-5,1,0,33,-3,-5,-2,-2,-2,0,-52,-58,-51,-11,-14,-18,-18,-17,-82,-37,-61,-63,-65,-58,-110,-23,-36,-45,-102,-97,-92,-100,-110,-90,-122,-8,-8,-8,-8,0,-8,-8,-8,-8,-8,-8,-8,-8,-265,-265,-265,-265,-275,-275,-275,0,-250,0,0,0,0,0,0,0,0,0,0,0,0,0,0,0,0,0,0,0,0,0,0,0,0,0,0,0,0,0,0,0,0,0,0,0,0,0,0,0,0,0,0,0,0,0,0,0,-7,-7,-7,-7,-7,-7,-320,-150,-270,-7,-8,0,-7,-7,-7,0,-7,-8,-8,-8,-23,-35,-147,0,0,0,0,0,0,0,0,0,0,0,0,0,0,0,0,0,0,0,0,0,0,0,0,0,0,0,0,0,0,-126]} 1. e4 {[%cal Be2e4,Be4e5][%mdl 32]} Nf6 2. e5 Nd5 3. d4 d6 4. c4 Nb6 5. Nf3 Bg4 6. exd6 exd6 7. Be2 Be7 8. h3 Bh5 9. O-O O-O 10. Nc3 Nc6 11. b3 {[%cal Bb2b3,Bb3b4,Bb4b5][%mdl 32]} Bf6 {B05: Alekhine's Defence: 4 Nf3 Bg4} 12. Be3 Re8 (12... d5 13. c5 Nc8 14. Re1 h6 15. Nh2 Bg6 16. Bf3 Nb4 17. Re2 c6 18. Ng4 Bd3 19. Rb2 {1-0 (42) Lu,S (2640)-Enkhtuul,A (2356) Paramaribo 2017}) 13. Qd2 d5 14. c5 Nc8 15. b4 {LiveBook: 3 Games} a6 (15... Bxf3 $14 16. Bxf3 N8e7) 16. Rab1 $146 (16. g4 $1 $16) ({Predecessor:} 16. Rfd1 h6 17. g4 Bg6 {0-1 (32) Pedersen,D (2234)-Westerinen,H (2311) Novi Sad 2016}) 16... h6 17. a4 a5 18. b5 Nb4 19. Na2 Nxa2 20. Qxa2 Ne7 21. Qc2 (21. g4 $5 {[%cal Rg4h5]} Bg6 22. Rbd1 $11) 21... Bg6 22. Bd3 Qd7 23. c6 bxc6 24. bxc6 Qd6 25. Bxg6 fxg6 26. Rb5 Ra6 27. Qc5 Qxc5 28. Rxc5 Rb8 29. Bf4 Rb4 30. Rfc1 (30. Bxc7 $11 Rxc6 31. Bxa5 Rxa4 32. Rb5) 30... Ra7 $15 31. Ra1 $1 Bxd4 32. Nxd4 Rxd4 33. Be3 Re4 $36 {[%mdl 2048] Black has good play.} 34. Rb1 (34. Bd2 $11) 34... Ra6 35. Rb7 Rxc6 36. Rxc6 Nxc6 37. Rxc7 {[%mdl 4096] Endgame KRB-KRN} Rc4 (37... Ne5 $17 38. Rc5 Nc4 39. Rxd5 Nxe3 40. fxe3 Rxa4 41. Rd8+ Kf7 42. Rd7+ Kf6) 38. Bb6 g5 39. Kh2 (39. Kf1 $15) 39... d4 $17 40. Bxd4 Rxd4 41. Rxc6 Rxa4 {KR-KR} 42. Rc7 g4 (42... Ra3 $17 43. Ra7 Kf8) 43. Ra7 $11 gxh3 44. Kxh3 Kh7 45. Ra6 Ra2 46. f4 a4 {[%cal Ba5a4,Ba4a3,Ba3a2][%mdl 32]} 47. g3 a3 48. Kg4 Ra1 49. Kh3 $2 {[%mdl 8192]} (49. Kf5 $1 $11) 49... a2 $19 50. Kg2 Kg8 $1 51. Ra7 Kf8 52. Kh2 h5 53. Kg2 {[#]} g6 $2 ({Better is} 53... Ke8 $1 $19 54. f5 Kd8) 54. Kh2 $11 Ke8 55. Kg2 Kd8 56. Kh2 Kc8 57. Kg2 Kb8 58. Ra4 Kb7 59. Kh2 Kb6 60. Ra8 Kc5 61. Kg2 Kc4 62. Kh2 Kd3 63. Kg2 Ke4 64. Ra4+ Ke3 65. Ra3+ Kd4 66. Ra4+ Kc5 67. Ra5+ Kb4 68. Ra8 Kb3 69. Rb8+ $1 Kc2 70. Rc8+ Kd3 (70... Kb1 $5 {[%cal Rb1b2]} 71. Ra8 Kc2 72. Rc8+ Kd2 $19) 71. Rd8+ Ke4 72. Ra8 Kf5 73. Ra5+ Kf6 74. Ra6+ Kg7 {White must now prevent ...Kf8.} 75. Ra7+ Kh6 76. Ra8 h4 (76... g5 $5 77. Ra6+ $8 Kg7 78. fxg5 Kh8 $11) 77. gxh4 Kh5 78. Ra7 Kxh4 {And now ...Kg4 would win.} 79. Ra8 Kg4 (79... Kh5 $5 80. Ra6 $8 Kg4 81. Rxg6+ Kf5 $11) 80. Ra7 $2 {[%mdl 8192] [#]} (80. Ra5 $1 $11 {and White is okay.} Kxf4 81. Ra8) 80... Kxf4 (80... Kf5 $1 $19 {[%cal Rf5f4]} 81. Ra4 Kg4) 81. Ra8 (81. Ra4+ $17 Kf5 82. Kh2) 81... g5 $2 (81... Ke3 $19 82. Ra3+ Kf4) 82. Rf8+ Ke3 83. Re8+ Kd3 84. Rd8+ Ke4 85. Re8+ Kf5 86. Rf8+ Kg6 {( -> ...Rc1)} 87. Rg8+ Kf7 88. Ra8 g4 (88... Kf6 $17 89. Ra5 Ke6) 89. Ra7+ {The position is equal.} Ke6 90. Ra6+ Kd5 {aiming for ...Kd4.} 91. Ra5+ $1 Kc6 92. Ra6+ $1 Kb7 93. Ra3 {[#]} g3 $1 {Threatens to win with ...Kb6.} 94. Ra4 (94. Rxg3 Rb1) 94... Kb6 {...Kc7 is the strong threat.} 95. Ra8 Kc5 96. Rc8+ $1 Kb4 97. Rb8+ Kc3 98. Rc8+ Kd4 {Strongly threatening ...Rg1+!} 99. Rd8+ Ke5 {Hoping for ...Rg1+!} (99... Kc4 $5 {[%cal Ra1g1]} 100. Ra8 Kd5 $19) 100. Re8+ Kf6 101. Rf8+ Kg7 102. Ra8 Kh7 103. Ra7+ Kh6 {Precision: White = 66%, Black = 42%.} (103... Kg6 $11 104. Ra5 Kg7) 1/2-1/2

[Event "RUS-ch Rapid Men 2018"]
[Site "Sochi"]
[Date "2018.10.06"]
[Round "11"]
[White "Tomashevsky, Evgeny"]
[Black "Grachev, Boris"]
[Result "1-0"]
[WhiteElo "2705"]
[BlackElo "2626"]
[Annotator "TA"]
[PlyCount "165"]
[EventDate "2018.10.05"]
[EventType "swiss"]
[EventCountry "RUS"]
[SourceTitle "playchess.com"]
[Source "ChessBase"]
[SourceQuality "1"]

{[%evp 29,165,12,18,16,16,27,25,12,27,28,21,4,25,14,14,8,8,9,11,13,18,24,21,24,32,28,28,25,22,23,26,10,17,10,24,1,4,0,4,1,41,22,96,97,96,96,66,1,63,0,1,1,1,1,1,1,1,0,1,1,6,1,26,9,25,1,1,1,12,1,18,1,19,19,19,19,22,15,15,6,5,1,1,6,15,15,15,15,33,12,32,12,146,146,146,146,174,174,214,205,393,265,289,160,192,0,262,192,192,192,264,185,355,349,428,339,426,417,470,474,514,504,640,623,607,572,847,833,782,749,29977,29975,29972,29970,29997,29998,29998,29999]} 1. c4 e6 2. Nc3 d5 3. d4 Nf6 4. cxd5 exd5 5. Bg5 c6 6. e3 Nbd7 {[%cal Bb8d7,Bd7f8,Bf8e6,Be6g7,Bg7f5][%mdl 32]} 7. Bd3 Be7 8. Qc2 Nf8 9. Nf3 Ne6 10. Bh4 g6 11. O-O Ng7 12. b4 a6 {D36: Damengambit (Abtauschvariante)} 13. Rab1 Bf5 14. a4 Bxd3 15. Qxd3 Nf5 {LiveBook: 3 Partien} 16. Bxf6 Bxf6 17. b5 axb5 18. axb5 O-O 19. bxc6 bxc6 {[#]} 20. Ra1 $146 ({Vorgänger:} 20. Rfc1 Ra3 21. Qc2 Qa8 22. Rb6 Ne7 23. Qb1 {½-½ (48) Khairullin,I (2637)-Zvjaginsev,V (2676) Belgorod 2010}) 20... Qb6 21. g3 Rfb8 22. Qc2 Nd6 23. Nd2 Rxa1 24. Rxa1 Qb2 25. Ra2 Qxc2 26. Rxc2 Rb4 27. Na2 Rb6 28. Nc1 Nb7 29. Nd3 Be7 30. Nf3 f6 31. Ra2 Rb3 32. Nf4 Kf7 33. Ra8 Nd8 34. h4 Rb7 35. Kg2 Ne6 (35... Rb3 $11) 36. Nxe6 $1 $16 Kxe6 {[%mdl 4096] Endspiel KTL-KTS} 37. Rc8 $1 Rb6 38. Ne1 ({Günstiger ist} 38. g4 $14) 38... Bd6 (38... h5 $1 $11) 39. Nf3 (39. h5 $14) 39... h5 40. Ng1 Ra6 41. Ne2 Ra2 42. Nc1 Ra6 43. Nb3 Ke7 44. Kf3 Ke6 45. Nc1 Ke7 46. Nd3 Ke6 47. Nf4+ Kf5 48. Ne2 Ke6 49. Rh8 Ra7 50. Rg8 Kf7 51. Rc8 Rc7 52. Ra8 Ke6 53. Nc1 Rb7 54. Nd3 Rb3 55. Nf4+ Kf5 56. Ne2 {Schwarz muss nun Ta6 beachten.} Rb7 57. Ra6 Rc7 58. Nc1 g5 59. Nb3 Bb4 60. Rb6 Bc3 (60... Ba3 $11) 61. Nc5 Ba5 {[#]} 62. Rb8 $1 gxh4 63. gxh4 Rg7 64. Rh8 Kg6 $2 (64... Bb4 65. Nd3 (65. Rxh5+ Kg6 $18) 65... Bd6 66. Rxh5+ Ke6) 65. Rc8 Rc7 66. Rb8 (66. Ra8 $18 Bb4 67. Ne6 (67. Na6 Rb7 $18)) 66... Re7 67. Rc8 (67. Nd3 $142) 67... Rc7 $1 $18 {[%cal Rc7c8]} 68. Re8 Ra7 {[#]} 69. Nd3 $1 Rh7 (69... Bc7 {war einen Versuch wert.} 70. Re7 Bb8 71. Nf4+ Kh6) 70. Rc8 Rc7 $2 (70... Bc7 71. Nc5 Kf5) 71. Nf4+ Kh6 72. Rg8 Rf7 73. Rh8+ Kg7 74. Rc8 Ra7 75. Rxc6 Be1 76. Nxh5+ Kg6 77. Nxf6 Rf7 78. Ke2 Ba5 79. Nxd5+ Kh5 80. Nf4+ {Weiß setzt Matt.} Kxh4 81. Kf3 Bc7 82. Rh6+ Kg5 83. Rg6+ {Precision: Weiß = 55%, Schwarz = 39%.} 1-0

[Event "RUS-ch Rapid Men 2018"]
[Site "Sochi"]
[Date "2018.10.06"]
[Round "11"]
[White "Matlakov, Maxim"]
[Black "Demchenko, Anton"]
[Result "0-1"]
[WhiteElo "2683"]
[BlackElo "2679"]
[Annotator "TA"]
[PlyCount "80"]
[EventDate "2018.10.05"]
[EventType "swiss"]
[EventCountry "RUS"]
[SourceTitle "playchess.com"]
[Source "ChessBase"]
[SourceQuality "1"]

{[%evp 24,80,37,23,61,66,59,51,64,61,54,62,59,32,63,52,64,62,84,82,95,89,85,71,98,54,50,65,55,46,59,29,46,7,7,-31,2,0,0,0,0,0,0,0,0,0,0,0,0,-262,-183,-610,-620,-539,-520,-682,-685,-887,-856]} 1. d4 Nf6 2. c4 d6 3. Nf3 g6 4. g3 Bg7 5. Nc3 O-O 6. Bg2 Nbd7 7. O-O e5 8. e4 exd4 9. Nxd4 Re8 10. h3 Nc5 11. Re1 Bd7 12. Rb1 h6 13. f3 {LiveBook: 6 Games. E68: King's Indian: Fianchetto: 6...Nbd7 7 0-0 e5 8 e4} a6 14. Be3 {[#]} Rb8 $146 ({Predecessor:} 14... b5 15. cxb5 axb5 16. Ndxb5 Bxb5 17. Nxb5 Rxa2 18. Nc3 Ra8 19. e5 Rxe5 20. f4 Rxe3 21. Rxe3 Rb8 22. b4 {½-½ (22) Arsovic,G (2399)-Spasov,V (2590) Plovdiv 2011}) 15. Qd2 {White is slightly better.} h5 16. b4 Na4 17. Nxa4 Bxa4 18. Ne2 Bd7 19. Rbd1 Qc8 20. Nf4 b5 21. c5 Be6 22. cxd6 cxd6 23. Bd4 Rd8 24. Qb2 Ne8 25. Bxg7 Nxg7 26. Rd2 Qc7 27. Qf6 Rbc8 28. Red1 Qc3 29. e5 d5 30. Kh2 Qxb4 31. Nxe6 Nxe6 32. f4 {[#]} Rc1 $1 {[%mdl 512]} 33. f5 $40 {[%mdl 128] Black needs to defend precisely.} (33. Rxc1 Qxd2) 33... gxf5 34. Qxf5 {aiming for Rf2.} Rxd1 35. Rxd1 h4 36. Bxd5 $2 {[%mdl 8192]} (36. Rd3 $11 {and White stays safe.}) 36... Qb2+ $1 $19 37. Kh1 $2 (37. Kg1 hxg3 38. Qg4+ Kf8 39. Bg2 Rxd1+ 40. Qxd1) 37... hxg3 {[%csl Gg3][%cal Rb2h2] Black is clearly winning.} 38. Qg4+ Kf8 {[%csl Gg3][%cal Rb2h2]} 39. Qxg3 {[#]} Rxd5 $1 {[%mdl 512]} 40. Rxd5 {[#]} Qb1+ $1 {Precision: White = 44%, Black = 62%.} 0-1

[Event "RUS-ch Rapid Men 2018"]
[Site "Sochi"]
[Date "2018.10.06"]
[Round "11"]
[White "Morozevich, Alexander"]
[Black "Esipenko, Andrey"]
[Result "0-1"]
[WhiteElo "2656"]
[BlackElo "2609"]
[Annotator "TA"]
[PlyCount "62"]
[EventDate "2018.10.05"]
[EventType "swiss"]
[EventCountry "RUS"]
[SourceTitle "playchess.com"]
[Source "ChessBase"]
[SourceQuality "1"]

{[%evp 15,62,5,16,0,0,-12,20,13,31,0,7,3,9,0,14,0,0,0,0,-42,-37,-33,-31,-48,-54,-91,-81,-84,-51,-59,-35,-79,-59,-52,-57,-110,-14,-91,-63,-124,0,0,0,-306,-43,-1060,-1045,-29985,-29986]} 1. e4 c6 2. d4 d5 3. e5 Bf5 4. h4 h5 5. Bd3 Bxd3 6. Qxd3 {B12: Caro-Kann (Vorstoß-Variante)} Qa5+ 7. Nc3 (7. Nd2 e6 8. Ngf3 Qa6 9. c4 Ne7 10. b3 Nf5 11. a4 Nd7 12. O-O Be7 {0-1 (46) Andriasian,Z (2591)-Vidit,S (2718) chess.com INT 2018}) 7... e6 8. Bg5 Qa6 {LiveBook: 5 Partien} 9. Qh3 Ne7 10. O-O-O Nf5 11. Kb1 Nd7 $146 ({Vorgänger:} 11... b5 12. Nce2 b4 {0-1 (38) Eshuis,J (1900)-Varend,E (1771) LSS email 2013}) 12. Nge2 g6 (12... Rc8 {with more complications.} 13. Nf4 Nb6 14. Qf3 Nc4 15. Nce2 Qa5) 13. Nf4 Be7 14. Bxe7 Nxe7 15. Nce2 O-O-O 16. Rhe1 Kb8 17. Ng1 Nf5 18. Nf3 c5 19. Ng5 Rhf8 20. dxc5 Nxc5 21. Ne2 d4 {Droht ...d3 und aus.} 22. Nc1 Rd7 23. g3 Rc8 24. Qf1 Qb6 25. Nb3 (25. Nf3 $15) 25... Nxb3 (25... d3 $17 {( -> ...dxc2+)} 26. Nxc5 dxc2+ 27. Kxc2 Qxc5+ 28. Kb1 Rxd1+ 29. Rxd1 Qc2+ 30. Ka1 Nd4 $1 {[%mdl 512]}) 26. axb3 (26. cxb3 $11 {hält das Gleichgewicht.} Rc6 27. Qd3) 26... Rdc7 $17 27. Re2 {[#]} (27. Rc1 $15) 27... d3 (27... Ne7 $1 $17 {[%cal Re7c6] Droht stark ...Sc6.} 28. Nxf7 Nd5) 28. Rxd3 $11 Nd4 $36 {[%mdl 2048] Schwarz hat Initiative.} 29. Ne4 $2 {[%mdl 8192]} (29. Rdd2 $1 $11 {und Weiss steht sicher.}) 29... Nxc2 $2 (29... Nxe2 $19 30. Qxe2 Rxc2 31. Qxc2 Rxc2 32. Kxc2 Qc7+ 33. Nc3 Qxe5) 30. Nd6 $2 {[%mdl 8192] [#]} (30. Qd1 $15) 30... Nb4 $1 $19 31. Nxc8 Qa5 {Precision: Weiß = 30%, Schwarz = 48%.} 0-1

[Event "RUS-ch Rapid Men 2018"]
[Site "Sochi"]
[Date "2018.10.06"]
[Round "11"]
[White "Sarana, Alexey"]
[Black "Sjugirov, Sanan"]
[Result "1/2-1/2"]
[WhiteElo "2641"]
[BlackElo "2654"]
[Annotator "TA"]
[PlyCount "49"]
[EventDate "2018.10.05"]
[EventType "swiss"]
[EventCountry "RUS"]
[SourceTitle "playchess.com"]
[Source "ChessBase"]
[SourceQuality "1"]

{[%evp 19,49,44,57,43,45,20,41,52,46,41,46,35,36,8,17,8,8,19,68,0,0,0,0,0,0,0,0,0,0,0,0,0]} 1. e4 c5 2. Nf3 d6 3. d4 cxd4 4. Nxd4 Nf6 5. Nc3 a6 6. Be3 e6 7. g4 h6 8. h4 Nc6 {B81: Sicilian Scheveningen: Keres Attack} (8... e5 9. Nf5 g6 10. Nxh6 Bxh6 11. Bxh6 Bxg4 12. f3 Bxf3 13. Qxf3 Rxh6 14. O-O-O Nc6 15. Bxa6 Rxa6 16. Rhf1 {0-1 (28) Georgiadis,N (2526)-Svidler,P (2753) Biel 2018}) 9. Rg1 h5 10. gxh5 Nxh5 {LiveBook: 17 Games. White is slightly better.} 11. Nxc6 bxc6 12. Qf3 $146 ({Predecessor:} 12. Qd2 e5 13. O-O-O Be6 14. Be2 Qa5 15. Rg5 Nf6 16. h5 {½-½ (26) Green,W (2440)-Hiltunen,R (2438) ICCF email 2010}) 12... Rb8 13. O-O-O g6 14. Ba7 Ra8 15. Bd4 Rh7 16. Na4 Rb8 $1 17. e5 d5 18. Qc3 Bb4 19. Qxc6+ ({White should play} 19. Qe3 $1 $14) 19... Bd7 $11 {The position is equal.} 20. Qxa6 Ra8 21. Qb7 $1 Rb8 (21... Rxa4 $5 22. Bb5 $8 Bxb5 23. Qxb5+ Qd7 24. Qb8+ Qd8 25. Qb5+ Qd7 26. Qb8+ Qd8 27. Qb5+ $11) 22. Qa6 {[#] Threatens to win with Ba7.} Ra8 23. Qb7 $1 {aiming for Bb5.} Rb8 24. Qa7 {Hoping for Nb6.} Ra8 25. Qb7 {Precision: White = 68%, Black = 73%.} 1/2-1/2

[Event "RUS-ch Rapid Men 2018"]
[Site "Sochi"]
[Date "2018.10.06"]
[Round "11"]
[White "Rakhmanov, Aleksandr"]
[Black "Sharafiev, Azat"]
[Result "1-0"]
[WhiteElo "2634"]
[BlackElo "2432"]
[Annotator "TA"]
[PlyCount "103"]
[EventDate "2018.10.05"]
[EventType "swiss"]
[EventCountry "RUS"]
[SourceTitle "playchess.com"]
[Source "ChessBase"]
[SourceQuality "1"]

{[%evp 19,103,-68,-38,-41,-9,-75,-59,-58,-39,-42,-37,-48,-32,-45,0,0,0,0,19,6,38,28,50,33,34,10,32,23,72,66,60,57,71,58,71,69,74,52,58,42,42,44,50,18,68,68,77,68,110,110,110,110,110,110,130,110,110,87,112,87,253,270,313,320,308,300,304,302,306,312,1072,1065,993,784,795,763,771,771,770,512,736,720,1088,1022,29983,29984]} 1. Nf3 c5 2. g3 Nc6 3. Bg2 g6 4. c3 e5 5. d3 Bg7 6. e4 Nge7 7. O-O O-O 8. a3 d5 9. Nbd2 {A04: Unusual lines after 1 Nf3 and King's Indian Attack} d4 (9... b6 10. Re1 Ba6 11. exd5 Nxd5 12. Nc4 Re8 13. Qc2 Qd7 14. a4 Rad8 15. Bg5 f6 16. Bd2 Nde7 {1-0 (39) Petrosian,T (2601)-Le,Q (2737) Riadh 2017}) 10. c4 h6 $146 {LiveBook: 3 Games} ({Predecessor:} 10... f5 11. exf5 gxf5 12. Re1 Ng6 13. h4 Qf6 14. b4 cxb4 15. axb4 Nxb4 16. Ba3 Nxd3 17. Bxf8 Nxe1 18. Bxg7 Nxf3+ 19. Nxf3 Kxg7 {½-½ (55) Lind,J (2209)-Socko,M (2457) Warsaw 2009}) 11. Nh4 {Black is slightly better.} g5 12. Nhf3 (12. Nf5 $1 $11) 12... Be6 13. Ne1 {[%cal Bf3e1,Be1c2,Bc2a3,Ba3b5][%mdl 32]} Kh7 14. Nc2 a5 15. b3 Rb8 16. Rb1 b5 17. cxb5 Rxb5 18. a4 Rb8 19. Na3 Ng6 20. Ndc4 Bf6 21. Kh1 Qd7 22. Nb5 Be7 23. Bd2 Qd8 24. Bf3 Nb4 25. Qe2 Bd7 26. Nba3 Kg7 27. Bh5 Qc7 28. Kg2 Ra8 29. Rbe1 Ra6 30. h3 {[%cal Bh2h3,Bh3g4][%mdl 32]} Qc8 31. Bg4 Bxg4 32. hxg4 Bd8 33. Nb5 {Hoping for Nbd6.} Bc7 34. Rh1 f6 35. Rc1 {[%cal Be1c1,Bc1c2,Bc2c5,Bc5b5,Bb5b7][%mdl 32] Threatens to win with Bxb4.} Qd7 36. Qf3 Nc6 37. Qf5 Qe7 38. Rc2 Bb8 39. Rhc1 Nh8 $2 {[#]} (39... Nb4 $16) 40. Nb2 $18 Bd6 41. Nxd6 Qxd6 42. Rxc5 Nf7 43. Rb5 Qe7 44. Nc4 Nd6 $2 {[#]} (44... Qa7 45. Rf1 Rb8 46. Rxb8 Qxb8) 45. Nxd6 Qxd6 46. Rb7+ Ne7 47. Qd7 Qxd7 48. Rxd7 Re8 49. Rc5 Rb6 50. Bxa5 Rxb3 51. Bd8 Kf8 52. Rcc7 {Precision: White = 60%, Black = 32%.} 1-0

[Event "RUS-ch Rapid Men 2018"]
[Site "Sochi"]
[Date "2018.10.06"]
[Round "11"]
[White "Lysyj, Igor"]
[Black "Ivlev, Aleksey"]
[Result "1-0"]
[WhiteElo "2631"]
[BlackElo "2326"]
[Annotator "TA"]
[PlyCount "69"]
[EventDate "2018.10.05"]
[EventType "swiss"]
[EventCountry "RUS"]
[SourceTitle "playchess.com"]
[Source "ChessBase"]
[SourceQuality "1"]

{[%evp 21,69,30,32,25,16,18,122,120,118,107,116,120,120,116,146,125,172,165,175,164,150,81,97,0,0,0,0,0,81,124,262,250,369,266,280,269,674,673,564,655,678,693,785,788,917,866,1542,1460,29988,29989]} 1. d4 d5 2. c4 c6 3. Nf3 Nf6 4. e3 e6 5. Bd3 Nbd7 6. b3 Bd6 7. Bb2 O-O 8. O-O b6 9. Nc3 Bb7 10. Qc2 Qe7 {D45: Semi-Slav: 5 e3} 11. e4 dxc4 {LiveBook: 4 Games} 12. Bxc4 {e5 is the strong threat.} e5 {White has an edge.} 13. Ne2 c5 (13... b5 $11 14. Bd3 g6) 14. d5 $16 a6 $146 ({Predecessor:} 14... Nh5 15. a4 a6 16. g4 Nhf6 17. Ng3 Nxg4 18. Nf5 {1-0 (45) Golod,V (2573)-Mikaelyan,A (2291) Yerevan 2014}) 15. Ng3 {Strongly threatening Nf5.} g6 16. a4 Ne8 17. Bc1 Ng7 18. Bh6 f6 19. h4 Rf7 {[#]} 20. h5 $1 {[%mdl 512]} Nf8 (20... gxh5 21. Bxg7) 21. Nh4 ({Better is} 21. Bxg7 Rxg7 22. Nd2) 21... f5 {[#]} 22. hxg6 ({Worse is} 22. exf5 Qxh4 23. fxg6 hxg6 $17) (22. Nf3 $1 $16) 22... hxg6 $11 23. Nf3 $36 {[%mdl 2048] White has the initiative.} f4 24. Ne2 {aiming for Ng5.} Nh7 {[#]} (24... Nh5 $1 $11) 25. Nxf4 $1 $16 exf4 (25... g5 $16 26. Ne6 (26. Ng6 Qf6 $17) 26... Nxe6 27. dxe6 Rf4) 26. e5 $1 $18 g5 (26... Nf8 $142 27. Bg5 Qc7) 27. exd6 Qf6 28. Bxg7 $1 Kxg7 $2 (28... Rxg7 29. Rae1 Nf8) 29. Rae1 Bc8 30. Ne5 Bf5 31. Bd3 Bxd3 32. Qxd3 Rb7 33. Ng4 Qxd6 34. Re6 {Intending Qc3+ and mate.} Qd8 35. Qc3+ {Precision: White = 71%, Black = 45%.} 1-0

[Event "RUS-ch Rapid Men 2018"]
[Site "Sochi"]
[Date "2018.10.06"]
[Round "11"]
[White "Paravyan, David"]
[Black "Gutenev, Alexander"]
[Result "1/2-1/2"]
[WhiteElo "2629"]
[BlackElo "2456"]
[Annotator "TA"]
[PlyCount "116"]
[EventDate "2018.10.05"]
[EventType "swiss"]
[EventCountry "RUS"]
[SourceTitle "playchess.com"]
[Source "ChessBase"]
[SourceQuality "1"]

{[%evp 18,116,62,44,48,42,45,50,78,20,17,0,3,0,0,0,0,0,50,-24,-37,-37,0,0,48,50,48,52,50,49,53,0,0,0,0,0,0,8,8,8,10,0,0,0,0,0,0,0,0,0,0,0,0,0,0,0,0,0,0,0,0,0,0,0,8,-8,0,0,0,0,0,0,0,0,0,0,0,0,0,0,0,0,0,0,0,0,0,0,0,0,0,0,0,0,0,0,0,0,0,0,0]} 1. d4 Nf6 2. c4 g6 3. Nc3 d5 4. cxd5 Nxd5 5. e4 Nxc3 6. bxc3 Bg7 7. Nf3 c5 8. Bb5+ Nd7 {[%cal Bb8d7,Bd7f6,Bf6g4][%mdl 32]} 9. O-O O-O 10. Be3 {LiveBook: 4 Games. D85: Exchange Grünfeld: Unusual White 7th moves and lines with 7 Nf3} (10. Re1 a6 11. Bd3 cxd4 12. cxd4 Nc5 13. Ba3 Nxd3 14. Qxd3 Bg4 15. Rad1 Rc8 16. h3 Bxf3 17. gxf3 Re8 {0-1 (28) Khenkin,I (2554)-Sjugirov,S (2650) Riadh 2017}) 10... cxd4 11. cxd4 Nf6 12. Qc2 {White is slightly better.} Bd7 $146 ({Predecessor:} 12... a6 13. Bd3 Bg4 14. Ne5 Be6 15. Rac1 Rc8 16. Qb1 b5 17. Rxc8 Bxc8 {½-½ (28) Marin Salvador,R (1680)-Martinez Bernardo,A (1655) Pamplona 2015}) 13. Bxd7 (13. Bd3 $16) 13... Qxd7 $11 14. Rac1 Rac8 15. Qb1 Ng4 16. Bg5 Rxc1 17. Qxc1 Qe6 18. Qf4 (18. Qb1 $14) 18... f6 19. d5 Qd7 20. h3 $1 fxg5 (20... Nxf2 {keeps more tension.} 21. Rxf2 fxg5 22. Qxg5 e6 23. Rd2 Qb5) 21. Qxg4 Qxg4 22. hxg4 {[%mdl 4096] Endgame KRB-KRN} Rc8 23. Nxg5 Rc2 24. a4 (24. f4 $14) 24... Rc4 {The position is equal.} 25. Rb1 b6 26. a5 h6 $1 {[%cal Rh6g5]} 27. axb6 axb6 28. Ne6 Rxe4 29. Rxb6 Rxg4 30. f4 Rg3 31. Kf2 Rd3 32. Rb5 Rd2+ 33. Kf3 Rb2 34. Ra5 {With the idea Ra8+.} Rb3+ 35. Ke4 Rb4+ 36. Kd3 Rb3+ 37. Kc4 Rc3+ 38. Kb5 Rc8 39. Ra7 Bf6 40. g4 Kf7 41. Rb7 g5 42. f5 Be5 43. Nc5 Rd8 44. Kc4 Rc8 45. Rb6 Bd6 46. Rc6 Ra8 47. Ne4 Ra4+ 48. Kd3 Ra3+ 49. Kc2 Ra4 50. Nxd6+ exd6 51. Rxd6 Rxg4 52. Rxh6 {KR-KR} Rd4 53. d6 Rd5 54. Kc3 Rxf5 55. Kd4 Ke8 56. Ke4 Ra5 57. Rh7 Kd8 58. Rg7 Rb5 {Precision: White = 48%, Black = 85%.} 1/2-1/2